[Event "GER-chT School WK GS"]
[Site "Playchess.com INT"]
[Date "2020.06.11"]
[Round "1.1"]
[White "Duetsch, Hannes"]
[Black "Bock, Leonas"]
[Result "0-1"]
[WhiteElo "1695"]
[BlackElo "1681"]
[PlyCount "50"]
[EventDate "2020.06.11"]
[EventType "team-swiss (blitz)"]
[EventRounds "7"]
[EventCountry "GER"]
[SourceTitle "EXT 2021"]
[Source "ChessBase"]
[SourceDate "2020.10.23"]
[SourceVersion "1"]
[SourceVersionDate "2020.10.23"]
[SourceQuality "1"]
[WhiteTeam "Monte BY"]
[BlackTeam "Weimar Th"]
[WhiteTeamCountry "GER"]
[BlackTeamCountry "GER"]

1. d4 d5 2. Bf4 e6 3. e3 f5 4. c3 Nf6 5. Bd3 Bd6 6. Bg3 0-0 7. Nd2 Qe7 8. Qc2 b6 9. 0-0-0 Bb7 10. f3 Nbd7 11. Ne2 c5 12. Nf4 g6 13. Rde1 Rac8 14. Kb1 c4 15. Be2 b5 16. Bf2 a6 17. h3 b4 18. b3 cxb3 19. Qxb3 bxc3 20. Nf1 c2+ 21. Kb2 Rc7 22. Nd2 Rb8 23. Ka1 Ba8 24. Qd3 Ba3 25. Qxa6 Bb2# 0-1

[Event "Bad Soden U10 op"]
[Site "Bad Soden"]
[Date "2019.10.05"]
[Round "5"]
[White "Duetsch, Hannes"]
[Black "Simmert, Christopher"]
[Result "0-1"]
[WhiteElo "905"]
[BlackElo "990"]
[PlyCount "32"]
[EventDate "2019.10.03"]
[EventType "swiss"]
[EventRounds "9"]
[EventCountry "GER"]
[SourceTitle "CBM 192 Extra"]
[Source "Chessbase"]
[SourceDate "2019.11.06"]
[SourceVersion "1"]
[SourceVersionDate "2019.11.06"]
[SourceQuality "1"]

1. c4 e5 2. d4 Nc6 3. d5 Nce7 4. Bd2 Ng6 5. Nc3 Nf6 6. g3 Bc5 7. Bg2 d6 8. e3 Bg4 9. Qc2 0-0 10. Nge2 Qd7 11. 0-0 Bh3 12. a3 Bxg2 13. Kxg2 Qg4 14. b4 Nh4+ 15. Kh1 Qf3+ 16. Kg1 Qg2# 0-1